000 00734nam a2200229Ia 4500
003 GCL
008 140319s9999 xx 000 0 ara d
040 _aGCL /
_cGCL
082 0 4 _a953.02
_bم ت
100 1 _aماهر عبدالقادر محمد على
245 1 0 _aالتراث والحضارة الاسلامية /
_cماهر عبدالقادر محمد على
700 1 _aماهر عبدالقادر محمد
300 _a225 ص
490 _aالتراث الاسلامى
_v0
650 0 4 _aالطب
650 0 4 _aالكيمياء
650 0 4 _aالفلك
650 0 4 _aالعلوم عند العرب
650 0 4 _aالكيمياء الحيوية
650 0 4 _aالحضارة الاسلامية
942 _2ddc
_cBK
999 _c38528
_d38528